[Event "Texas Amateur-ch"]
[Site "Dallas"]
[Date "2003.05.24"]
[Round "1"]
[White "Polk, Justin E"]
[Black "Findley, Nate C"]
[Result "0-1"]
[WhiteElo "1536"]
[BlackElo "1857"]
[PlyCount "116"]
[EventDate "2003.05.23"]
[EventType "swiss"]
[EventRounds "7"]
[EventCountry "USA"]
[SourceTitle "EXT 2005"]
[Source "ChessBase"]
[SourceDate "2004.11.15"]
[SourceVersion "1"]
[SourceVersionDate "2004.11.15"]
[SourceQuality "1"]

1. e4 d5 2. exd5 Qxd5 3. Nc3 Qa5 4. d4 Bf5 5. Bd2 c6 6. Bc4 e6 7. Nf3 Nd7 8. 0-0 Ngf6 9. Re1 Qc7 10. d5 Nb6 11. Bb3 cxd5 12. Bg5 Be7 13. Ne5 0-0 14. Nb5 Qb8 15. Nd4 Be4 16. Ng4 Qd8 17. Ne5 h6 18. Bh4 a6 19. c4 Qc7 20. Bg3 Bd6 21. c5 Bxe5 22. cxb6 Qd6 23. Bxe5 Qxe5 24. f3 Qd6 25. fxe4 Nxe4 26. Bc2 Nf6 27. Nb3 Rac8 28. Rc1 e5 29. Kh1 Rfe8 30. Bf5 Rcd8 31. Nc5 Qxb6 32. Qb3 Qxb3 33. Nxb3 g6 34. Bh3 Ne4 35. Kg1 f5 36. Nc5 Nd6 37. Rcd1 d4 38. Nd3 Nc4 39. b3 Ne3 40. Rd2 g5 41. g3 b6 42. Nb2 b5 43. Nd1 g4 44. Nxe3 dxe3 45. Rxd8 Rxd8 46. Bf1 f4 47. h3 h5 48. a4 bxa4 49. Bc4+ Kg7 50. bxa4 Rd2 51. hxg4 hxg4 52. Bxa6 Ra2 53. Bb5 Kf6 54. Re2 Ra1+ 55. Kh2 Ra3 56. Bd7 Kg5 57. gxf4+ exf4 58. Rg2 g3+ 0-1

[Event "Dallas CC GP8 Amateur"]
[Site "Dallas"]
[Date "2002.01.20"]
[Round "5.12"]
[White "Bradford, Brad R"]
[Black "Polk, Justin E"]
[Result "1/2-1/2"]
[WhiteElo "1481"]
[BlackElo "1221"]
[PlyCount "74"]
[EventDate "2002.01.19"]
[EventType "swiss"]
[EventRounds "5"]
[EventCountry "USA"]
[SourceTitle "EXT 2003"]
[Source "ChessBase"]
[SourceDate "2002.11.25"]
[SourceVersion "1"]
[SourceVersionDate "2002.11.25"]
[SourceQuality "1"]

1. e4 e5 2. Nf3 Nc6 3. Bc4 Bc5 4. c3 Nf6 5. d4 exd4 6. cxd4 Bb4+ 7. Nc3 Nxe4 8. Qc2 d5 9. 0-0 Bxc3 10. bxc3 0-0 11. Bd3 Bf5 12. Ng5 h6 13. Nxe4 dxe4 14. Bxe4 Bxe4 15. Qxe4 Re8 16. Qg4 Qd6 17. Bf4 Qe6 18. Qxe6 Rxe6 19. Bxc7 Rae8 20. d5 R6e7 21. dxc6 Rxc7 22. cxb7 Rxb7 23. Rab1 Reb8 24. Rxb7 Rxb7 25. c4 Rb2 26. Rc1 Rxa2 27. c5 Rb2 28. c6 Rb8 29. Ra1 Kf8 30. c7 Rc8 31. Rxa7 Ke7 32. f3 Kd7 33. Kf2 Rxc7 34. Rxc7+ Kxc7 35. Ke3 Kd6 36. Ke4 Ke6 37. g4 g6 1/2-1/2